| Tag |
First Indicator |
Second Indicator |
Subfields |
| LEADER |
00000cam a2200000Ia 4500 |
| 001 |
in00003454116 |
| 005 |
20151206100652.0 |
| 008 |
100720m20109999nyua 6 000 f eng d |
| 020 |
|
|
|a 9780785143178 (v. 1)
|
| 020 |
|
|
|a 0785143173 (v. 1)
|
| 020 |
|
|
|a 9780785136880 (v. 1)
|
| 020 |
|
|
|a 0785136886 (v. 1)
|
| 020 |
|
|
|a 9780785147169 (v. 2)
|
| 020 |
|
|
|a 0785147160 (v. 2)
|
| 020 |
|
|
|a 9780785147183 (v. 3)
|
| 020 |
|
|
|a 0785147187 (v. 3)
|
| 020 |
|
|
|a 9780785151432 (v. 4)
|
| 020 |
|
|
|a 0785151435 (v. 4)
|
| 020 |
|
|
|a 9780785148913 (v. 4)
|
| 020 |
|
|
|a 0785148914 (v. 4)
|
| 020 |
|
|
|a 9780785161530 (v. 5, pbk)
|
| 020 |
|
|
|a 9780785161547 (v. 6, hbk)
|
| 035 |
|
|
|a (OCoLC)ocn649066175
|
| 035 |
|
|
|a (OCoLC)649066175
|
| 040 |
|
|
|a GK8
|c GK8
|d GK8
|d YDXCP
|d QBX
|d GK8
|d MYG
|d BDX
|d TXA
|d UtOrBLW
|
| 049 |
|
|
|a TXAM
|
| 050 |
|
4 |
|a PN6728.F33
|b H53 2010
|
| 100 |
1 |
|
|a Hickman, Jonathan.
|
| 245 |
1 |
0 |
|a Fantastic Four /
|c writer, Jonathan Hickman ; artist, Dale Eaglesham.
|
| 264 |
|
1 |
|a New York :
|b Marvel Worldwide,
|c 2010-<2012>
|
| 300 |
|
|
|a volumes <1-6> :
|b chiefly color illustrations ;
|c 27 cm.
|
| 336 |
|
|
|a text
|b txt
|2 rdacontent
|
| 337 |
|
|
|a unmediated
|b n
|2 rdamedia
|
| 338 |
|
|
|a volume
|b nc
|2 rdacarrier
|
| 500 |
|
|
|a Volume 5 contains material originally published in magazine form as Fantastic Four #600-604.
|
| 520 |
|
|
|a Inside a room kept secret from even his closest friends and family, Reed Richards had scrawled upon the walls 100 of the biggest and boldest ideas his brain could produce. And, recently, he added a 101st, the most audacious ever: "Solve everything." It would be a mantra that would lead the obsessively intellectual Mr. Fantastic to doing great works on behalf of humanity - and, in typically fantastic fashion, lead him into even greater trouble! For, as the big brain of the Fantastic Four will find out, solving everything carries with it a great cost, and one that is perhaps too much to pay.
|
| 505 |
1 |
0 |
|g v. 1.
|t Solve everything --
|g v. 2.
|t Prime elements --
|g v. 3.
|t The future foundation --
|g v. 4.
|t Three --
|g v. 5.
|t Forever --
|g v. 6.
|t Foundation.
|
| 650 |
|
0 |
|a Fantastic Four (Fictitious characters)
|v Comic books, strips, etc.
|
| 655 |
|
0 |
|a Superhero comic books, strips, etc.
|
| 655 |
|
0 |
|a Science fiction comic books, strips, etc.
|
| 655 |
|
7 |
|a Comics (Graphic works)
|2 lcgft
|
| 700 |
1 |
|
|a Eaglesham, Dale.
|
| 948 |
|
|
|a cataloged
|b h
|c 2014/5/7
|d c
|e cproctor
|f 11:49:16 AM
|
| 994 |
|
|
|a C0
|b TXA
|
| 999 |
|
|
|a MARS
|
| 999 |
f |
f |
|s eba8ca33-7c8b-3361-b4d4-d876c1172d1b
|i fdf8c217-886f-37a5-bbde-b73d8639857f
|t 0
|
| 952 |
f |
f |
|p normal
|a Texas A&M University
|b College Station
|c Sterling C. Evans Library
|s Evans stk
|d Evans: Library Stacks
|t 0
|e PN6728.F33 H53 2010
|h Library of Congress classification
|i unmediated -- volume
|k v.5
|m A14842392459
|
| 998 |
f |
f |
|a PN6728.F33 H53 2010
|s v.5
|t 0
|l Evans: Library Stacks
|